000 00769nam 22002533 4500
001 6086
010 _a9789892602691
021 _b344347/12
090 _a6086
100 _a20251022d2012 u||y0pory50 ba
200 _aAs mil cores do sorriso da Maria
_fAna Daniel Soares, Ana Luísa Costa, João Carlos Ramos
210 _aCoimbra
_cImprensa da Universidade de Coimbra
_d2012
215 _a[41] p.
_cil.
225 _aDescobrir as ciências
606 _9588
_aSaúde
606 _929
_aPublicação para crianças
675 _a087.5
_vBN
_zpor
675 _a61
_vBN
_zpor
700 _95795
_aSoares
_bAna Daniela
701 _95796
_aCosta
_bAna Luísa
701 _95797
_aRamos
_bJoão Carlos
801 _aPT
_bBEN2VN
_gRPC
830 _cTânia Croca
_d22/10/2025
990 _cLIVROS